<?xml version="1.0" encoding="UTF-8"?>
<record
    xmlns:xsi="http://www.w3.org/2001/XMLSchema-instance"
    xsi:schemaLocation="http://www.loc.gov/MARC21/slim http://www.loc.gov/standards/marcxml/schema/MARC21slim.xsd"
    xmlns="http://www.loc.gov/MARC21/slim">

  <leader>06724nam a2200385 a 4500</leader>
  <controlfield tag="001">dia_6453</controlfield>
  <controlfield tag="003">CHAP</controlfield>
  <controlfield tag="005">20250707102227.0</controlfield>
  <controlfield tag="007">ta</controlfield>
  <controlfield tag="008">220117s2008    nyuado fr     001 0 eng d</controlfield>
  <datafield tag="010" ind1=" " ind2=" ">
    <subfield code="a">177373</subfield>
  </datafield>
  <datafield tag="020" ind1=" " ind2=" ">
    <subfield code="a">978-0-7167-7108-1</subfield>
  </datafield>
  <datafield tag="020" ind1=" " ind2=" ">
    <subfield code="a">0-7167-7108-X</subfield>
  </datafield>
  <datafield tag="040" ind1=" " ind2=" ">
    <subfield code="c">CHAP</subfield>
    <subfield code="a">mxchpua</subfield>
    <subfield code="e">rda</subfield>
  </datafield>
  <datafield tag="041" ind1=" " ind2=" ">
    <subfield code="a">eng</subfield>
    <subfield code="b">eng</subfield>
    <subfield code="f">eng</subfield>
    <subfield code="h">eng</subfield>
  </datafield>
  <datafield tag="050" ind1="1" ind2=" ">
    <subfield code="a">QH345</subfield>
    <subfield code="b">.N45 2008</subfield>
  </datafield>
  <datafield tag="082" ind1=" " ind2=" ">
    <subfield code="2">20</subfield>
    <subfield code="a">574.192 </subfield>
    <subfield code="b">N45 2008</subfield>
  </datafield>
  <datafield tag="100" ind1="1" ind2=" ">
    <subfield code="a">Nelson, David L.</subfield>
    <subfield code="9">80773</subfield>
  </datafield>
  <datafield tag="245" ind1="1" ind2="0">
    <subfield code="a">Lehninger Principles of biochemistry /</subfield>
    <subfield code="c">David L. Nelson y Michael M. Cox</subfield>
  </datafield>
  <datafield tag="250" ind1=" " ind2=" ">
    <subfield code="a">5a edici&#xF3;n</subfield>
  </datafield>
  <datafield tag="300" ind1=" " ind2=" ">
    <subfield code="a">1 v. (en varias paginaciones) :</subfield>
    <subfield code="b">ilustraciones, gr&#xE1;ficas, diagramas, tablas, fotos</subfield>
  </datafield>
  <datafield tag="336" ind1=" " ind2=" ">
    <subfield code="2">rdacontent</subfield>
    <subfield code="a">texto</subfield>
    <subfield code="b">txt</subfield>
  </datafield>
  <datafield tag="337" ind1=" " ind2=" ">
    <subfield code="2">rdamedia</subfield>
    <subfield code="a">sin medio</subfield>
    <subfield code="b">n</subfield>
  </datafield>
  <datafield tag="338" ind1=" " ind2=" ">
    <subfield code="2">rdacarrier</subfield>
    <subfield code="a">volumen</subfield>
    <subfield code="b">nc</subfield>
  </datafield>
  <datafield tag="504" ind1=" " ind2=" ">
    <subfield code="a">Incluye bibliograf&#xED;as</subfield>
  </datafield>
  <datafield tag="505" ind1="0" ind2=" ">
    <subfield code="a">The Foundations of Biochemistry -- Cellular Foundations -- Chemical Foundations -- Physical Foundations -- Genetic Foundations -- Evolutionary Foundations -- Molecular Weight, Molecular Mass, and Their Correct Units -- Louis Pasteur and Optical Activity: In Vino, Veritas -- Entropy: The Advantages of Being Disorganized -- Now introduces the concepts of proteomes and proteomics -- Updated section on how a new species evolves -- Increased emphasis on the interdependence of life forms in global cycles of energy -- Structure and Catalysis -- Water -- Weak Interactions in Aqueous Systems -- Ionization of Water, Weak Acids, and Weak Bases -- Buffering against pH Changes in Biological Systems -- Water as a Reactant -- The Fitness of the Aqueous Environment for Living Organisms -- Amino Acids, Peptides, and Proteins -- Amino Acids -- Peptides and Proteins -- Working with Proteins -- The Structure of Proteins: Primary Structure -- Methods: Absorption of Light by Molecules: The Lambert-Beer Law -- Methods: Investigating Proteins with Mass Spectrometry -- Medicine: Consensus Sequences and Sequence Logos -- The Three-Dimensional Structure of Proteins -- Overview of Protein Structure -- Protein Secondary Structure -- Protein Tertiary and Quaternary Structures -- Protein Denaturation and Folding -- Methods: Knowing the Right Hand from the Left -- Permanent Waving Is Biochemical Engineering -- Medicine: Why Sailors, Explorers, and College Students Should Eat Their Fresh Fruits and Vegetables -- The Protein Data Bank -- Methods: Methods for Determining the Three-Dimensional Structure of a Protein -- Medicine: Death by Misfolding: The Prion Diseases -- New section, Defects in protein folding may be the molecular basis for a wide range of human genetic disorders, discusses a variety of amyloid diseases -- New section on circular dichroism -- Protein Function -- Reversible Binding of a Protein to a Ligand: Oxygen-Binding Proteins -- Complementary Interactions between Proteins and Ligands: The Immune System and Immunoglobulins -- Protein Interactions Modulated by Chemical Energy: Actin, Myosin, and Molecular Motors -- Medicine: Carbon Monoxide: A Stealthy Killer -- Enzymes -- An Introduction to Enzymes -- How Enzymes Work -- Enzyme Kinetics as an Approach to Understanding Mechanism -- Examples of Enzymatic Reactions -- Regulatory Enzymes -- Transformations of the Michaelis-Menten Equation: The Double-Reciprocal Plot -- Kinetic Tests for Determining Inhibition Mechanisms -- Evidence for Enzyme-Transition State Complementarity -- More explanatory text added to the mechanisms for the enolase and lysozyme reactions -- New section on pharmaceuticals developed from an understanding of enzyme mechanism, using penicillin and HIV protease inhibitors as examples -- Carbohydrates and Glycobiology -- Monosaccharides and Disaccharides -- Polysaccharides -- Glycoconjugates: Proteoglycans, Glycoproteins, and Glycolipids -- Carbohydrates as Informational Molecules: The Sugar Code -- Working with Carbohydrates -- Medicine: Blood Glucose Measurements in the Diagnosis and Treatment of Diabetes -- New medical box, introduces hemoglobin glycation and AGEs and their role in the pathology of advanced diabetes -- New section on sugar analogs as drugs that target viral neuraminidase -- Introduction to the new field of glycomics, including methods for determining oligosaccharide structure using MALDI-MS -- Nucleotides and Nucleic Acids -- Some Basics -- Nucleic Acid Structure -- Nucleic Acid Chemistry -- Other Functions of Nucleotides -- DNA-Based Information Technologies -- DNA Cloning: The Basics -- From Genes to Genomes -- From Genomes to Proteomes -- Genome Alterations and New Products of Biotechnology -- Medicine: A Potent Weapon in Forensic Medicine -- Medicine: The Human Genome and Human Gene Therapy -- New material on the green fluorescent protein -- Thorough updating of genomics section -- Lipids -- Storage Lipids -- Structural Lipids in Membranes -- Lipids as Signals, Cofactors, and Pigments -- Working with Lipids -- Sperm Whales: Fatheads of the Deep -- Medicine: Abnormal Accumulations of Membrane Lipids: Some Inherited Human Diseases -- New medical section on the role of polyunsaturated fatty acids and trans fatty acids in cardiovascular disease -- New section on lipidomics -- New descriptions of volatile lipids used as signals by plants, and pigments of bird feathers derived from colored lipids in plant foods -- Biological Membranes and Transport -- The Composition and Architecture of Membranes -- Membrane Dynamics -- Solute Transport across Membranes -- Methods: Atomic Force Microscopy to Visualize Membrane Proteins -- Medicine: Defective Glucose and Water Transport in Two Forms of Diabetes -- Medicine: A Defective Ion Channel in Cystic Fibrosis -- Expanded section on bilayer dynamics covers flippases, floppases, scramblases, and bilayer asymmetry -- Expanded and updated section on lipid rafts and caveolae includes new material on membrane curvature and the proteins that influence it, and introduces amphitropic proteins and annular lipids -- New information on the structural basis for voltage gating in a K+ channel </subfield>
  </datafield>
  <datafield tag="520" ind1="2" ind2=" ">
    <subfield code="a">In the Fifth Edition, authors Dave Nelson and Mike Cox combine the best of the laboratory and best of the classroom, introducing exciting new developments while communicating basic principles through a variety of new learning tools--from new in-text worked examples and data analysis problems to the breakthrough eBook, which seamlessly integrates the complete text and its media components.</subfield>
  </datafield>
  <datafield tag="650" ind1="1" ind2="3">
    <subfield code="a">Bioqu&#xED;mica  </subfield>
    <subfield code="9">12849</subfield>
    <subfield code="2">atg</subfield>
  </datafield>
  <datafield tag="650" ind1="1" ind2="3">
    <subfield code="a">Biochemistry</subfield>
    <subfield code="9">150448</subfield>
    <subfield code="2">atg</subfield>
  </datafield>
  <datafield tag="700" ind1="1" ind2=" ">
    <subfield code="a">Cox, Michael M.</subfield>
    <subfield code="9">28752</subfield>
    <subfield code="e">autor</subfield>
  </datafield>
  <datafield tag="901" ind1=" " ind2=" ">
    <subfield code="a">574.192 N45 2008</subfield>
  </datafield>
  <datafield tag="902" ind1=" " ind2=" ">
    <subfield code="a">A</subfield>
  </datafield>
  <datafield tag="905" ind1=" " ind2=" ">
    <subfield code="a">5232272008                          -usaimn8222223322eng16</subfield>
  </datafield>
  <datafield tag="942" ind1=" " ind2=" ">
    <subfield code="c">LIBRO</subfield>
    <subfield code="2">ddc</subfield>
  </datafield>
  <datafield tag="999" ind1=" " ind2=" ">
    <subfield code="c">177373</subfield>
    <subfield code="d">177373</subfield>
  </datafield>
  <datafield tag="952" ind1=" " ind2=" ">
    <subfield code="0">0</subfield>
    <subfield code="1">0</subfield>
    <subfield code="2">ddc</subfield>
    <subfield code="4">0</subfield>
    <subfield code="5">1</subfield>
    <subfield code="7">0</subfield>
    <subfield code="8">GRAL</subfield>
    <subfield code="a">IA_</subfield>
    <subfield code="b">IA_</subfield>
    <subfield code="e">Compra </subfield>
    <subfield code="i">238545</subfield>
    <subfield code="l">1</subfield>
    <subfield code="o">574.192  N45 2008</subfield>
    <subfield code="p">1102000915</subfield>
    <subfield code="r">2023-03-22 00:00:00</subfield>
    <subfield code="s">2023-03-22</subfield>
    <subfield code="t">Ej. 1</subfield>
    <subfield code="y">LIBRO</subfield>
  </datafield>
</record>
